MARC details
| 000 -LEADER |
| campo de control de longitud fija |
02950nkc a22003137a 4500 |
| 001 - NÚMERO DE CONTROL |
| campo de control |
85811 |
| 005 - FECHA Y HORA DE LA ÚLTIMA TRANSACCIÓN |
| campo de control |
20260422094434.0 |
| 007 - CAMPO FIJO DE DESCRIPCIÓN FÍSICA--INFORMACIÓN GENERAL |
| campo de control de longitud fija |
kh bo |
| 008 - DATOS DE LONGITUD FIJA--INFORMACIÓN GENERAL |
| campo de control de longitud fija |
260416s1890 sp ||||| |||| |0| i|spa d |
| 040 ## - FUENTE DE CATALOGACIÓN |
| Centro catalogador/agencia de origen |
M-RABA |
| Lengua de catalogación |
spa |
| Centro/agencia transcriptor |
M-RABA |
| 245 01 - MENCIÓN DEL TÍTULO |
| Título |
[Pilas bautismales en Castilla y León] |
| Medio |
[Material gráfico] |
| 260 ## - PUBLICACIÓN, DISTRIBUCIÓN, ETC. |
| Fecha de publicación, distribución, etc. |
[ca. 1890] |
| 300 ## - DESCRIPCIÓN FÍSICA |
| Extensión |
2 fotografías |
| Otras características físicas |
: aristotipo a la gelatina |
| Dimensiones |
; 12,9 x 17,8 cm (medidas mínimas) |
| -- |
; 22,5 x 17,5 cm imagen (medidas máximas) |
| 500 00 - NOTA GENERAL |
| Nota general |
Conjunto de dos fotografías correspondientes a dos pilas bautismales ubicadas, en concreto en Iglesia de Santa María de los Reyes, en Laguardia, Álava, y en la Iglesia de Nuestra Señora de las Nieves (Polentinos, Palencia). |
| 500 00 - NOTA GENERAL |
| Nota general |
Ambas fotografías corresponden a aristotipos a la gelatina con acabado mate. <br/>Una de las imágenes se encuentra virada al oro o tonos cálidos y presenta una de sus esquinas rasgada y adherida en la parte del verso con cinta para evitar su pérdida completa (Fot-654). La segunda imagen, en blanco y negro presenta un espejo de plata bastante visible que se inicia en los bordes hacia el interior, deterioro típico de la plata en este tipo de materiales (Fot-655) |
| 500 00 - NOTA GENERAL |
| Nota general |
Identificaciones basadas en de Goicoechea y Araluze, Néstor de, "Las riquezas artísticas de Laguardia (Alaba)", Pyrenaica, Federación Vasco-Navarra de Montañismo, nº 3, 1966, p. 196. (Disponible online https://pyrenaica.emf.eus/wp-content/uploads/aldizkariak/082/pyrenaica_082.pdf) y Hernando Garrido, José Luis; Alonso Moreno, Miriam Raquel "Polentinos", Enciclopedia del Románico en Castilla y León, T. IV. Palencia v. I, 2002, pp. 565-566 (Disponible online https://www.romanicodigital.com/sites/default/files/pdfs/files/palencia_POLENTINOS.pdf) |
| 505 ## - NOTA DE CONTENIDO CON FORMATO |
| Nota de contenido con formato |
Fot-654: Iglesia de Santa María de los Reyes (Laguardia, Ávila). Fot-655: Iglesia de Nuestra Señora de las Nieves (Polentinos, Palencia). |
| 510 ## - NOTA DE CITAS O REFERENCIAS BIBLIOGRÁFICAS |
| Nombre de la fuente |
Goicoechea y Araluze, Néstor de, "Las riquezas artísticas de Laguardia (Alaba)", Pyrenaica, Federación Vasco-Navarra de Montañismo, nº 3, 1966, p. 196. |
| 510 ## - NOTA DE CITAS O REFERENCIAS BIBLIOGRÁFICAS |
| Nombre de la fuente |
Hernando Garrido, José Luis; Alonso Moreno, Miriam Raquel "Polentinos", Enciclopedia del Románico en Castilla y León, T. IV. Palencia v. I, 2002, pp. 565-566. |
| 610 10 - PUNTO DE ACCESO ADICIONAL DE MATERIA--NOMBRE DE ENTIDAD CORPORATIVA |
| Nombre de entidad corporativa o nombre de jurisdicción como elemento de entrada |
Iglesia de Nuestra Señora de las Nieves (Polentinos, Palencia) |
| 9 (RLIN) |
111674 |
| 610 10 - PUNTO DE ACCESO ADICIONAL DE MATERIA--NOMBRE DE ENTIDAD CORPORATIVA |
| Nombre de entidad corporativa o nombre de jurisdicción como elemento de entrada |
Iglesia de Santa María de los Reyes (Laguardia, Álava) |
| 9 (RLIN) |
111675 |
| 651 #7 - PUNTO DE ACCESO ADICIONAL DE MATERIA--NOMBRE GEOGRÁFICO |
| Nombre geográfico |
Álava |
| Fuente del encabezamiento o término |
embne |
| 9 (RLIN) |
75661 |
| 651 #7 - PUNTO DE ACCESO ADICIONAL DE MATERIA--NOMBRE GEOGRÁFICO |
| Nombre geográfico |
Palencia (España) |
| 9 (RLIN) |
75329 |
| 655 #0 - TERMINO DE INDIZACIÓN--GENERO/FORMA |
| Datos o término principal de género/forma |
Fotografías de monumentos |
| 9 (RLIN) |
111580 |
| 852 ## - LOCALIZACIÓN |
| Número de control de estantería |
Fot-654; Fot-655 |
| 856 ## - LOCALIZACIÓN Y ACCESO ELECTRÓNICOS |
| Identificador Uniforme de Recurso |
<a href="https://archivoybiblioteca.realacademiabellasartessanfernando.com/cgi-bin/koha/opac-retrieve-file.pl?id=e971642275f4dc82ecdfa30066215904">https://archivoybiblioteca.realacademiabellasartessanfernando.com/cgi-bin/koha/opac-retrieve-file.pl?id=e971642275f4dc82ecdfa30066215904</a> |
| Texto de enlace |
Fot-654 |
| 856 ## - LOCALIZACIÓN Y ACCESO ELECTRÓNICOS |
| Identificador Uniforme de Recurso |
<a href="https://archivoybiblioteca.realacademiabellasartessanfernando.com/cgi-bin/koha/opac-retrieve-file.pl?id=c2c0fb9d38daf23f4a0a8a09f97b3771">https://archivoybiblioteca.realacademiabellasartessanfernando.com/cgi-bin/koha/opac-retrieve-file.pl?id=c2c0fb9d38daf23f4a0a8a09f97b3771</a> |
| Texto de enlace |
Fot-655 |
| 942 ## - ELEMENTOS DE ENTRADA SECUNDARIOS (KOHA) |
| Tipo de ítem Koha |
Fotografías |
| Suprimir en OPAC |
No |